Terminal de buses

Enregistré dans:
Détails bibliographiques
Auteur principal: Zanocco Soto, Pierina (Auteur)
Format: Livre
Langue:espagnol
Publié: Santiago Ministerio de Educación 1997
Collection:Programa de Mejoramiento de la calidad en Escuelas Básicas
Sujets:
Tags: Ajouter un tag
Pas de tags, Soyez le premier à ajouter un tag!

MARC

LEADER 00000nam a2200000 a 4500
001 UCO6060
003 CL-VaPUC
008 001006e19970000CL |||||||||||||||||spa|d
082 0 4 |a 371.3  |b ZAN  |2 21 
100 0 |a Zanocco Soto, Pierina  |e author  |9 450888 
245 1 0 |a Terminal de buses 
300 |a 40 p 
942 |c BK 
945 |d 20001006 00:00:00  |a vberengu 
260 |a Santiago  |b Ministerio de Educación  |c 1997 
650 0 |a Educación básica   |9 224933 
650 0 |a Matemáticas  |x Enseñanza  |9 875527 
650 0 |a Métodos de enseñanza  |9 270413 
583 |a last modification  |c 20001006 00:00:00  |k Rodrigo Vera 
490 0 |a Programa de Mejoramiento de la calidad en Escuelas Básicas 
999 |c 291852  |d 291850 
952 |0 0  |1 0  |4 0  |6 371_300000000000000_ZAN_1997  |7 0  |8 P  |9 342109  |a BIBEDU  |b BIBEDU  |c BIBEDU_PB  |d 2019-11-20  |i 3656896  |o 371.3 ZAN 1997  |p 3656896  |r 2024-01-25  |w 2019-11-20  |y BK  |k BME